The male involvement programme and men's sexual and reproductive health in northern namibia /

Los temas de salud y reproducción (SSR) afectan tanto a hombres como a mujeres y se relacionan con la desigualdad de género y el VIH/Sida. Este artículo describe una investigación sobre el impacto del Programa de participación masculina en Namibia. Los objetivos del programa eran capacitar a grupos...

Descrizione completa

Salvato in:
Dettagli Bibliografici
Autore principale: Mufune, Pempelani
Natura: testo
Soggetti:
Tags: Aggiungi Tag
Nessun Tag, puoi essere il primo ad aggiungerne!!

MARC

LEADER 00000 a a2200000 04500
001 4791
003
040
100 |a Mufune, Pempelani  
245 |a The male involvement programme and men's sexual and reproductive health in northern namibia /  |c Pempelani Mufune 
520 |a Los temas de salud y reproducción (SSR) afectan tanto a hombres como a mujeres y se relacionan con la desigualdad de género y el VIH/Sida. Este artículo describe una investigación sobre el impacto del Programa de participación masculina en Namibia. Los objetivos del programa eran capacitar a grupos de hombres en SSR y habilidades de comunicación  
650 |a EDUCACION SEXUAL  
650 |a ENFERMEDADES DE TRANSMISION SEXUAL  
650 |a HOMBRES  
650 |a NAMIBIA  
773 |g volumen 57, número 2; páginas 231-248  
999 |c 23381  |d 23381